| 000 | 01702nam a2200385 i 4500 | ||
|---|---|---|---|
| 001 | 000006048 | ||
| 003 | DO-SdBNP | ||
| 005 | 20251009142649.0 | ||
| 007 | ta | ||
| 008 | 090826s2005 dr 001 0 spa d | ||
| 040 |
_aDO-SdBNP _bspa _cBNPHU _erda |
||
| 041 | _aspa | ||
| 082 |
_a323.445 _bR426L, 2005 _222 |
||
| 110 | 1 |
_aRepública Dominicana. _9447 |
|
| 240 | 1 | 2 | _a[Leyes, etc.] |
| 245 | 1 | 0 |
_aLey general de libre acceso a la información pública y reglamento de aplicación / _cprólogo, José Tomás Pérez ; presentación, José Alfredo Rizek Vidal. |
| 246 | 1 | 3 | _aLey general sobre libre acceso a la información pública No. 200-04 |
| 246 | 1 | 3 | _aDecreto No. 130-05 que aprueba el reglamento de la ley general de libre acceso a la información pública. |
| 250 | _aSegunda edición | ||
| 264 | 1 |
_aSanto Domingo : _bFINJUS, _c2005. |
|
| 300 |
_a81 páginas ; _c22 cm. |
||
| 336 |
_atexto _btxt _2rdacontent |
||
| 337 |
_asin mediación _bn _2rdamedia |
||
| 338 |
_avolumen _bnc _2rdacarrier |
||
| 505 | 0 |
_aPrólogo -- _tPresentación -- _tLey general sobre libre acceso a la información pública -- _tReglamento de aplicación de la Ley General de libre acceso a la información pública. |
|
| 590 | _aInventariado, 2018/BT | ||
| 650 | 4 |
_aAcceso a la información _xLegislación _917043 |
|
| 650 | 4 |
_aPolítica de información _zRepública Dominicana _917044 |
|
| 651 | 4 |
_aRepública Dominicana _xLey 200-04 _917045 |
|
| 700 | 1 |
_aPérez, José Tomás, _eprologuista _4pr. _917046 |
|
| 700 | 1 |
_aRizek Vidal, José Alfredo _epresentación _4pr. _988675 |
|
| 710 | 2 |
_aFundación Institucionalidad y Justicia (FINJUS) _91886 |
|
| 910 | _aValidado. Control de calidad EMS | ||
| 942 |
_2ddc _cLBS1 |
||
| 999 |
_c5844 _d5844 |
||